000 01126cam a22003257a 4500
003 CHAP
005 20251111094119.0
008 971013s1988 r 00010 d
010 _a67551
011 _a68523
035 _a77996
040 _cCHAP
090 _aTesis
100 1 0 _aFigueroa Hernández, Esther
_940817
245 0 _aDeterminación del ingreso agrícola en la zona de Huexotla, Estado de México
260 _aMontecillo, Méx. :
_bEl autor,
_c1988
300 _a80 h.
502 _aTesis (Maestro en Ciencias Esp. en Economía Agrícola) -- CP. Centro de Economía Agrícola
590 _aALEPH
_b10
_c20130110
_lUCH01
_h1402
590 _aBATCH-UPD
_b10
_c20130110
_lUCH01
_h1706
590 _aBATCH-UPD
_b10
_c20130410
_lUCH01
_h1052
590 _aBATCH-UPD
_b10
_c20130914
_lUCH01
_h1407
590 _aCONVERSION
_b10
_c20130109
_lUCH01
_h1337
650 1 4 _aAgricultura
_xAspectos economicos
_xMexico (Edo.)
_91272
650 1 4 _aIngresos
_xMéxico (Edo.)
_958398
901 _aBK
942 _cFOLL
949 _bBC
_cTES
_d-30869
_eTS1
_h20564
_i77996
_si
949 _bBC
_cTES
_d-94656
_eTS2
_fc.2
_h20565
_i77996
_si
999 _c67551
_d67551